| 000 | 00399 a2200145 4500 | ||
|---|---|---|---|
| 999 |
_c5434 _d5434 |
||
| 020 | _a9789982012843 | ||
| 050 | _aTJ 807 DIA 1999 | ||
| 100 |
_aDiallo, Yaya Satina _eauthor |
||
| 245 |
_aRenewable energy sources / _cYaya Satina Diallo |
||
| 264 |
_aZambia: _bUNESCO, _c1999 |
||
| 300 |
_a52p.: _bill.(col.) |
||
| 500 | _aNo index | ||
| 650 | _aTypes of energy sources | ||
| 942 |
_2lcc _cBK _h807 _iDIA _kTJ |
||